Vista normal
Vista MARC
- Juan Diego
Entrada Nombre de persona
Número de registros utilizados en: 1
001 - NÚMERO DE CONTROL
- campo de control: 1061
003 - IDENTIFICADOR DEL NÚMERO DE CONTROL
- campo de control: ES-MaFIAP
005 - FECHA Y HORA DE LA ÚLTIMA TRANSACCIÓN
- campo de control: 20221121125351.0
008 - DATOS DE LONGITUD FIJA
- campo de control de longitud fija: 221121|| aca||aabn | a|a d
040 ## - FUENTE DE LA CATALOGACIÓN
- Centro catalogador/agencia de origen: ES-MaFIAP
- Centro/agencia transcriptor: ES-MaFIAP
100 ## - ENCABEZAMIENTO-NOMBRE DE PERSONA
- Nombre de persona: Juan Diego
- Fechas asociadas al nombre: 1942-2022
- Forma completa/desarrollada del nombre: Juan Diego Ruiz Moreno
670 ## - FUENTE DE DATOS ENCONTRADOS
- Cita de la fuente: Work cat.: (ES-MaFIAP)260: You're the One [Videograbación] = Una historia de entonces /, D. L. 2007





